Swapy

Swap - dohoda o výmene série platieb medzi dvoma alebo viacerými subjektmi. Menový swap - keď sa vymieňajú platby v rozdielnych menách. Bázický swap - keď sa vymieňajú úrokové platby počítané podľa pohyblivých sadzieb s rozdielnou referenčnou sadzbou. Príklady.

Salvato in:
Dettagli Bibliografici
Autore principale: Vlachynský, Karol
Natura: Capitolo di libro
Lingua:slovacco
Soggetti:
Tags: Aggiungi Tag
Nessun Tag, puoi essere il primo ad aggiungerne!!

MARC

LEADER 00000naa a2200000 4500
001 r026852
005 20230426110525.6
041 0 |a slo 
044 |a SK 
245 1 0 |a Swapy  |c Karol Vlachynský 
520 |a Swap - dohoda o výmene série platieb medzi dvoma alebo viacerými subjektmi. Menový swap - keď sa vymieňajú platby v rozdielnych menách. Bázický swap - keď sa vymieňajú úrokové platby počítané podľa pohyblivých sadzieb s rozdielnou referenčnou sadzbou. Príklady. 
610 2 0 |a deriváty 
610 2 0 |a swap 
610 2 0 |a pojmy 
610 2 0 |a trh kapitálový 
100 1 |a Vlachynský, Karol